000 01091cab a2200289 4500
001 ABS45215
008 090401t1991 xxu||||| |||| 00| 0 eng d
035 _a(Sirsi) u51571
041 _aeng
100 _aBroomhead, T.
245 _aMole rights : building underground
260 _c1991
350 _a0
490 _aArchitects` Journal
_v194(17) 23 October 1991, 51-61(8)
520 _aSets out the issues to be considered when planning to build underground such as cost, predicting ground movements and support rights to building above. Includes articles on the effects of vibration on air-right and mole right developments and the contracting and planning problems of air-right development and compares this to mole right.
650 _aAIR RIGHTS
650 _aBUILT ENVIRONMENT-BUILDING CONTRACT FORMS
650 _aCOSTS
650 _aGROUND MOVEMENTS
650 _aMOLE RIGHTS
650 _aSUPPORT RIGHTS
650 _aUNDERGROUND CONSTRUCTION
650 _aVIBRATION
690 _aBUILT ENVIRONMENT-CONSTRUCTION DESIGN
942 _n0
948 _c04/03/1997
999 _c32015
_d32015